00469nam a22001577a 450000500170000001000150001702000260003203500140005803700130007208200120008510000160009724500430011326000410015627000760019730000380027320161109124807.0 aENG-116493 a9788123777795c140.00 aEN-100025 bDBAD/PUB a567.954 aSahni,Ashok aDinosaurs of India /cby Ashok Sahani aNew DelhibNational Book Trustc2016 aNehru Bhawan, 5 Industrial Area Phase-II,vasant KunjbNew Delhie110070 axi,113p. :c21cm (Hb)bill (col.)